| 000 | 02873njm a2200433Ia 4500 | ||
|---|---|---|---|
| 001 | 72975 | ||
| 003 | IT-RoPAU | ||
| 005 | 20220918181121.0 | ||
| 008 | 131025s9999 xx 000 0 und d | ||
| 040 | _aIT-RoPAU | ||
| 040 | _cIT-RoPAU | ||
| 041 | _aPOLACCO | ||
| 999 |
_c99828 _d99828 |
||
| 999 | _bn.d. | ||
| 100 |
_aAA.VV. _9794 |
||
| 100 |
_eAutore musica _924586 |
||
| 100 |
_gCodice autore musica SPICS: 12000 _9796 |
||
| 245 | _aGdyby Nie Tywarszawo! (Lp Sx T 74) | ||
| 250 | _a1a ed. | ||
| 260 | _aPOLONIA | ||
| 260 |
_bTONPRESS _c1987 [1a Ed.:1987 - Ed. Lingua Orig.: 1987] |
||
| 300 | _aDISCO | ||
| 300 | _c40 minuti (Testo: 0 pag.) | ||
| 500 | _aMusica pop polacca. Se non ci fossi tu Varsavia | ||
| 505 | _aW Warszawie Jest Wszystko [(Rosiewicz Andrzej) (4:00)] - Ulice Nibi Piosenki [(Niemen Czeslaw) (5:00)] - Pan Watrobka, Pan Piecyk, Pan Wiech [(Stepowski Jarema) (4:00)] - Najszybsze Domy Swiata [(Buda Pod) (4:00)] - Warszawa Jaka By Mogla Byc [(Santor I.) (6:00)] - Gdyby Nie Ty Warszawo [(Wodecki Z.) (5:00)] - Dzien Dobry Nike [(Wojdak A.) (4:00)] - Jest Warszawa [(Wodecki Z.) (4:00)] - Male Mieszkanko Na Mariensztacie [(Buda Pod) (5:00)] - Taksowkarz Warszawski [(Stepowski Jarema) (4:00)] | ||
| 650 |
_aPOP [DISCHI] _eCodice MATERIA SPICS: 9950 _91001 |
||
| 700 |
_aSart M. _dCodice autore musica SPICS: 25397 _eAutore musica _pW Warszawie Jest Wszystko - Ulice Nibi Piosenki - Pan Watrobka, Pan Piecyk, Pan Wiech - Najszybsze Domy Swiata - Warszawa Jaka By Mogla Byc - Gdyby Nie Ty Warszawo - Dzien Dobry Nike _924587 |
||
| 700 |
_aKobylinski Sz. _dCodice autore testo/musica SPICS: 25494 _eAutore testo/musica _pW Warszawie Jest Wszystko - Pan Watrobka, Pan Piecyk, Pan Wiech _924588 |
||
| 700 |
_aKord K. _dCodice autore testo/musica SPICS: 25495 _eAutore testo/musica _pUlice Nibi Piosenki _924589 |
||
| 700 |
_aBianusz A. _dCodice autore testo/musica SPICS: 25496 _eAutore testo/musica _pNajszybsze Domy Swiata - Warszawa Jaka By Mogla Byc _924590 |
||
| 700 |
_aSzemioth K. _dCodice autore testo/musica SPICS: 25497 _eAutore testo/musica _pGdyby Nie Ty Warszawo _924591 |
||
| 700 |
_aMiller J. _dCodice autore testo/musica SPICS: 25498 _eAutore testo/musica _pDzien Dobry Nike _924592 |
||
| 700 |
_aKlimczuk B. _dCodice autore musica SPICS: 25096 _eAutore musica _pJest Warszawa _924593 |
||
| 700 |
_aLech A. _dCodice autore testo/musica SPICS: 25499 _eAutore testo/musica _pJest Warszawa _924594 |
||
| 700 |
_aGozdawa Z. _dCodice autore musica SPICS: 25398 _eAutore musica _pMale Mieszkanko Na Mariensztacie _924595 |
||
| 700 |
_aStepien W. _dCodice autore testo/musica SPICS: 25500 _eAutore testo/musica _pMale Mieszkanko Na Mariensztacie _924596 |
||
| 700 |
_aSuchocki T. _dCodice autore musica SPICS: 25399 _eAutore musica _924597 |
||
| 700 |
_aHudaszek R. _dCodice autore testo/musica SPICS: 25055 _eAutore testo/musica _pTaksowkarz Warszawski _924598 |
||
| 942 |
_cMD _2ddc |
||